[Event "SVK-chT3A2 2223"]
[Site "Slovakia"]
[Date "2022.11.06"]
[Round "2.7"]
[White "Paracka, Patrik"]
[Black "Lesay, Jozef"]
[Result "0-1"]
[WhiteElo "1427"]
[BlackElo "1645"]
[PlyCount "58"]
[EventDate "2022.10.16"]
[EventType "team-tourn"]
[EventRounds "9"]
[EventCountry "SVK"]
[SourceTitle "EXT 2024"]
[Source "ChessBase"]
[SourceDate "2023.10.10"]
[SourceVersion "1"]
[SourceVersionDate "2023.10.10"]
[SourceQuality "1"]
[WhiteTeam "Senica CVC"]
[BlackTeam "Piestany Kupele II"]
[WhiteTeamCountry "SVK"]
[BlackTeamCountry "SVK"]

1. d4 d5 2. c4 e5 3. dxe5 Ne7 4. Bg5 Be6 5. Nf3 Nbc6 6. e3 dxc4 7. Na3 h6 8. Bh4 g5 9. Bg3 Ng6 10. Nc2 Bg7 11. Nfd4 Ncxe5 12. Nxe6 fxe6 13. Nd4 Qd5 14. Qa4+ c6 15. Rd1 b5 16. Qc2 Rd8 17. h4 gxh4 18. Bxe5 Nxe5 19. Rxh4 a6 20. Be2 Qxg2 21. Bh5+ Ke7 22. Rg4 Nxg4 23. Bxg4 Bxd4 24. Qg6 Bf6 25. Rxd8 Rxd8 26. Qh7+ Kd6 27. Qg6 Kc7 28. Qf7+ Rd7 29. Qxf6 Qg1+ 0-1

[Event "SVK-chT3A2 2223"]
[Site "Slovakia"]
[Date "2022.10.16"]
[Round "1.7"]
[White "Gorog, Filip"]
[Black "Paracka, Patrik"]
[Result "0-1"]
[WhiteElo "1000"]
[BlackElo "1427"]
[PlyCount "106"]
[EventDate "2022.10.16"]
[EventType "team-tourn"]
[EventRounds "9"]
[EventCountry "SVK"]
[SourceTitle "EXT 2024"]
[Source "ChessBase"]
[SourceDate "2023.10.10"]
[SourceVersion "1"]
[SourceVersionDate "2023.10.10"]
[SourceQuality "1"]
[WhiteTeam "Surovce"]
[BlackTeam "Senica CVC"]
[WhiteTeamCountry "SVK"]
[BlackTeamCountry "SVK"]

1. e4 c6 2. d4 d5 3. Nc3 dxe4 4. Nxe4 Bf5 5. Bd3 e6 6. Be3 Nf6 7. f3 Nbd7 8. c3 Nxe4 9. fxe4 Bxe4 10. Bxe4 Qh4+ 11. Bf2 Qxe4+ 12. Qe2 Qxg2 13. Qf3 Qxf3 14. Nxf3 c5 15. 0-0-0 Be7 16. Rhg1 0-0 17. d5 exd5 18. Rxd5 Rfd8 19. Re1 Bf6 20. Bxc5 Nxc5 21. Rxc5 Rac8 22. Rf5 h6 23. Nd2 Bg5 24. Re2 Rd7 25. Kc2 Bxd2 26. Rxd2 Rcd8 27. Rxd7 Rxd7 28. a4 g6 29. Rc5 f5 30. Rc8+ Kf7 31. b4 f4 32. Rc4 g5 33. Rd4 Rxd4 34. cxd4 Ke6 35. Kd3 Kd5 36. Kc3 f3 37. Kd3 f2 38. Ke2 f1Q+ 39. Kxf1 Kxd4 40. Kg2 Kc4 41. b5 Kb4 42. Kg3 Kxa4 43. Kg4 Kxb5 44. Kh5 a5 45. Kxh6 a4 46. Kxg5 a3 47. h4 a2 48. h5 a1Q 49. h6 Qh8 50. Kg6 Kc4 51. h7 b5 52. Kh6 b4 53. Kg6 b3 0-1

[Event "Skalica op-B"]
[Site "Skalica"]
[Date "2022.08.23"]
[Round "4"]
[White "Juracak, David"]
[Black "Paracka, Patrik"]
[Result "1-0"]
[WhiteElo "1779"]
[BlackElo "1340"]
[PlyCount "83"]
[EventDate "2022.08.20"]
[EventType "swiss"]
[EventRounds "9"]
[EventCountry "SVK"]
[SourceTitle "CBM 209 Extra"]
[Source "ChessBase"]
[SourceDate "2022.09.30"]
[SourceVersion "1"]
[SourceVersionDate "2022.09.30"]
[SourceQuality "1"]

1. d4 d5 2. c4 e6 3. Nf3 Nf6 4. Nc3 Be7 5. e3 0-0 6. Bd3 c5 7. 0-0 Nc6 8. b3 cxd4 9. exd4 b6 10. Bb2 Ba6 11. Re1 dxc4 12. bxc4 Qc7 13. Rc1 Nb4 14. Nb5 Bxb5 15. cxb5 Qd7 16. Ne5 Qe8 17. Bc4 Nbd5 18. Qb3 Bd6 19. h4 Qd8 20. Qf3 Bxe5 21. dxe5 Ne8 22. Bxd5 exd5 23. Ba3 Rc8 24. Rxc8 Qxc8 25. Bxf8 Kxf8 26. e6 Nf6 27. Qa3+ Ke8 28. exf7+ Kxf7 29. Qxa7+ Kg6 30. Qxb6 Qc3 31. Qe3 d4 32. Qxc3 dxc3 33. Rc1 Nd5 34. b6 Nxb6 35. Rxc3 Nd5 36. Rc6+ Kf7 37. a4 Ke7 38. a5 Kd7 39. Rc1 Nb4 40. Rb1 Na6 41. Kh2 Kc6 42. Kg3 1-0

[Event "Skalica op-B"]
[Site "Skalica"]
[Date "2022.08.22"]
[Round "3"]
[White "Paracka, Patrik"]
[Black "Matusina, Miroslav"]
[Result "1/2-1/2"]
[WhiteElo "1340"]
[BlackElo "1597"]
[PlyCount "61"]
[EventDate "2022.08.20"]
[EventType "swiss"]
[EventRounds "9"]
[EventCountry "SVK"]
[SourceTitle "CBM 209 Extra"]
[Source "ChessBase"]
[SourceDate "2022.09.30"]
[SourceVersion "1"]
[SourceVersionDate "2022.09.30"]
[SourceQuality "1"]

1. d4 Nf6 2. c4 g6 3. Nc3 Bg7 4. e4 0-0 5. Nf3 d6 6. Be2 Nc6 7. 0-0 e5 8. d5 Ne7 9. Bg5 Nd7 10. Qd2 Bh8 11. Bh6 Re8 12. Ng5 Nf8 13. f4 f6 14. Nf3 exf4 15. Qxf4 Nd7 16. Qg3 Bg7 17. Nd4 Ne5 18. Bxg7 Kxg7 19. Rf4 Ng8 20. Raf1 Qe7 21. h4 Kh8 22. h5 g5 23. R4f2 Rf8 24. Nd1 Bd7 25. Ne3 Nh6 26. b3 Qg7 27. Ndf5 Bxf5 28. Nxf5 Nxf5 29. Rxf5 h6 30. Bg4 Nxg4 31. Qxg4 1/2-1/2

[Event "Piestany Augustus Cup"]
[Site "Piestany"]
[Date "2022.07.15"]
[Round "3"]
[White "Kincik, Martin"]
[Black "Paracka, Patrik"]
[Result "0-1"]
[WhiteElo "1000"]
[BlackElo "1306"]
[PlyCount "66"]
[EventDate "2022.07.15"]
[EventType "swiss (rapid)"]
[EventRounds "7"]
[EventCountry "SVK"]
[SourceTitle "CBM 209 Extra"]
[Source "ChessBase"]
[SourceDate "2022.09.30"]
[SourceVersion "1"]
[SourceVersionDate "2022.09.30"]
[SourceQuality "1"]

1. e4 c6 2. Bc4 d5 3. exd5 cxd5 4. Bb5+ Nc6 5. Bxc6+ bxc6 6. Nf3 Nf6 7. 0-0 Bg4 8. Nc3 e6 9. d3 Bd6 10. Bg5 0-0 11. d4 h6 12. Bh4 Rb8 13. b3 c5 14. Qd3 Bxf3 15. Qxf3 cxd4 16. Bxf6 gxf6 17. Qg4+ Kh7 18. Qxd4 Be5 19. Qd3+ f5 20. Rae1 Qf6 21. Qe3 Bxc3 22. Re2 Bd4 23. Qd3 Rg8 24. g3 Rg6 25. a4 f4 26. c4 fxg3 27. hxg3 Rbg8 28. Kg2 dxc4 29. bxc4 Bb6 30. Rb1 Kh8 31. Qc2 Qe7 32. Rd2 Qb7+ 33. f3 Rxg3+ 0-1